000 00835nam a2200205 a 4500
001 000041336
005 20201002034811.0
008 130917s1996 sp 000 0 spa d
020 _a8400076249
040 _aDO-SdBNP
_bspa
_cBNPHU
100 1 _aPelayo, Francisco
_967728
245 1 0 _aDel diluvio al megaterio :
_blos orígenes de la paleontología en España /
_cFrancisco Pelayo.
260 _aMadrid :
_bConsejo Superior de Investigaciones Científicas,
_c1996.
300 _a310 p. ;
_c18 cm.
490 1 _aCuadernos Galileo de Historia de la Ciencia
_v16
504 _aIncluye referencias bibliográficas y notas al pie de las páginas
504 _abibliografías : p. 305-310
710 2 _aConsejo Superior de Investigaciones Científicas,(España)
_967570
830 0 _aCuadernos Galileo de Historia de la Ciencia
_n16
_967979
999 _c40826
_d40826